[Event "Poti op 13th"]
[Site "Poti"]
[Date "2018.07.16"]
[Round "5"]
[White "Mosadeghpour, Masoud"]
[Black "Kokaia, Guram"]
[Result "1-0"]
[WhiteElo "2531"]
[BlackElo "2159"]
[PlyCount "57"]
[EventDate "2018.07.13"]
[EventType "swiss"]
[EventRounds "9"]
[EventCountry "GEO"]
[SourceTitle "CBM 185 Extra"]
[Source "ChessBase"]
[SourceDate "2018.07.29"]
[SourceVersion "1"]
[SourceVersionDate "2018.07.29"]
[SourceQuality "1"]

1. e4 c5 2. Nf3 e6 3. d4 cxd4 4. Nxd4 a6 5. Nc3 Qc7 6. Bd3 Nf6 7. f4 d6 8. Qf3 Nc6 9. Be3 Be7 10. 0-0-0 g6 11. Nb3 Nb4 12. Be2 d5 13. Bd4 dxe4 14. Qf2 0-0 15. Be5 Qc6 16. Na5 Nxa2+ 17. Nxa2 Qa4 18. Bc4 Qxa5 19. Qh4 b5 20. Bc3 Qc7 21. Bxf6 Bxf6 22. Qxf6 Qxc4 23. h4 e5 24. Nc3 exf4 25. Nd5 Ra7 26. h5 Qa2 27. h6 Qa1+ 28. Kd2 e3+ 29. Ke1 1-0

[Event "Poti op 13th"]
[Site "Poti"]
[Date "2018.07.14"]
[Round "3"]
[White "Sindarov, Javokhir"]
[Black "Kokaia, Guram"]
[Result "1-0"]
[WhiteElo "2474"]
[BlackElo "2159"]
[PlyCount "69"]
[EventDate "2018.07.13"]
[EventType "swiss"]
[EventRounds "9"]
[EventCountry "GEO"]
[SourceTitle "CBM 185 Extra"]
[Source "ChessBase"]
[SourceDate "2018.07.29"]
[SourceVersion "1"]
[SourceVersionDate "2018.07.29"]
[SourceQuality "1"]

1. e4 c5 2. Nc3 Nc6 3. Nf3 g6 4. d4 cxd4 5. Nxd4 Bg7 6. Nb3 Nf6 7. Be2 0-0 8. 0-0 d6 9. Re1 Be6 10. Bf1 Rc8 11. Bg5 h6 12. Bh4 Ne5 13. Nd5 g5 14. Bg3 Nxd5 15. exd5 Bf5 16. Nd4 Bg6 17. c3 Qa5 18. Qb3 Bf6 19. Rad1 Rc7 20. f4 Nd7 21. f5 Bh7 22. Bf2 Bxd4 23. Rxd4 Nc5 24. Qb4 Qxa2 25. g4 f6 26. Rdd1 a5 27. Qb6 Rfc8 28. Bxc5 dxc5 29. Qb5 c4 30. d6 exd6 31. Rxd6 Rf7 32. Re8+ Rxe8 33. Qxe8+ Rf8 34. Qe6+ Kh8 35. Qe7 1-0

[Event "Wch U18"]
[Site "Montevideo"]
[Date "2017.09.18"]
[Round "3"]
[White "Kokaia, Guram"]
[Black "Ranaldi, Lucas"]
[Result "1-0"]
[WhiteElo "2089"]
[BlackElo "2277"]
[PlyCount "99"]
[EventDate "2017.09.17"]
[EventType "swiss"]
[EventRounds "11"]
[EventCountry "URU"]
[SourceTitle "CBM 180 Extra"]
[Source "ChessBase"]
[SourceDate "2017.10.06"]
[SourceVersion "1"]
[SourceVersionDate "2017.10.06"]
[SourceQuality "1"]

1. e4 c5 2. Nf3 d6 3. d4 cxd4 4. Nxd4 Nf6 5. Nc3 a6 6. g3 g6 7. Bg2 Bg7 8. 0-0 0-0 9. h3 Nc6 10. Nde2 Bd7 11. a4 Rb8 12. Re1 b5 13. axb5 axb5 14. Nd5 Ne8 15. Ra2 e6 16. Ne3 Qc7 17. b3 Nb4 18. Ra3 Rc8 19. c4 Qc5 20. Nf4 Nc7 21. Nd3 Nxd3 22. Qxd3 Rfd8 23. Ra2 Bc6 24. Ba3 b4 25. Bb2 Bxb2 26. Rxb2 Ra8 27. Kh2 Qb6 28. f4 Na6 29. Qb1 Nc5 30. Rf1 Qb7 31. Ng4 h5 32. Nf6+ Kg7 33. e5 dxe5 34. fxe5 Bxg2 35. Rxg2 Rd3 36. Rgf2 Rad8 37. Qc1 Nxb3 38. Qg5 Rd2 39. Nxh5+ Kg8 40. Nf6+ Kg7 41. Ng4 Rxf2+ 42. Rxf2 Rh8 43. Qf6+ Kg8 44. Ra2 Kh7 45. Qg5 Kg7 46. Qe3 Nc5 47. Qxc5 Qf3 48. Qe7 Qe4 49. Qf6+ Kg8 50. Rd2 1-0

[Event "Tbilisi Georgian Cup"]
[Site "Tbilisi"]
[Date "2016.12.16"]
[Round "3"]
[White "Kokaia, Guram"]
[Black "Chkhaidze, Nikoloz"]
[Result "0-1"]
[WhiteElo "2127"]
[BlackElo "2370"]
[PlyCount "152"]
[EventDate "2016.12.13"]
[EventType "swiss"]
[EventRounds "9"]
[EventCountry "GEO"]
[SourceTitle "CBM 176 Extra"]
[Source "ChessBase"]
[SourceDate "2017.03.02"]
[SourceVersion "1"]
[SourceVersionDate "2017.03.02"]
[SourceQuality "1"]

1. e4 c6 2. d4 d5 3. Nc3 dxe4 4. Nxe4 Nd7 5. Bd3 Ngf6 6. Ng3 e6 7. Nf3 Bd6 8. Qe2 0-0 9. 0-0 c5 10. Rd1 Qc7 11. Ne4 Nxe4 12. Qxe4 Nf6 13. Qe2 b6 14. Bg5 Nd5 15. dxc5 Bxc5 16. c4 Nf4 17. Bxf4 Qxf4 18. Qe4 Qxe4 19. Bxe4 Rb8 20. a3 Bb7 21. Bxb7 Rxb7 22. Ne5 Rc8 23. Rac1 Be7 24. Rc2 Rbc7 25. Rdc1 b5 26. Kf1 Bf6 27. Ng4 Bg5 28. Ne3 Bxe3 29. fxe3 a5 30. c5 a4 31. Ke2 Kf8 32. e4 Ke7 33. Ke3 e5 34. Rc3 f6 35. c6 Rb8 36. b4 axb3 37. Rxb3 Ra8 38. Rc5 Kd6 39. Rbc3 Ra6 40. Rd5+ Ke6 41. Rdc5 Rb6 42. g4 b4 43. Rb3 Rcxc6 44. Rxc6+ Rxc6 45. axb4 Rc2 46. Ra3 Rxh2 47. Ra7 g5 48. Kd3 h5 49. gxh5 Rxh5 50. b5 Kd6 51. Kc4 Rh1 52. Ra6+ Ke7 53. Ra7+ Ke6 54. b6 Rb1 55. b7 g4 56. Kc5 g3 57. Ra6+ Kf7 58. Ra7 Kg6 59. Ra3 Rxb7 60. Rxg3+ Kf7 61. Rh3 Ke6 62. Rh4 Rc7+ 63. Kb4 Rc1 64. Kb3 Rf1 65. Rh2 Rc1 66. Rf2 Kf7 67. Rg2 Ke6 68. Kb2 Rc4 69. Rg4 Kd6 70. Kb3 Rc1 71. Kb2 Rf1 72. Rg6 Kc5 73. Kc3 Rf3+ 74. Kd2 Kd4 75. Rg4 Rf2+ 76. Ke1 Rf4 0-1

[Event "Tbilisi Georgian Cup"]
[Site "Tbilisi"]
[Date "2016.12.13"]
[Round "1"]
[White "Kokaia, Guram"]
[Black "Khurtsidze, Nino"]
[Result "1-0"]
[WhiteElo "2127"]
[BlackElo "2381"]
[PlyCount "113"]
[EventDate "2016.12.13"]
[EventType "swiss"]
[EventRounds "9"]
[EventCountry "GEO"]
[SourceTitle "CBM 176 Extra"]
[Source "ChessBase"]
[SourceDate "2017.03.02"]
[SourceVersion "1"]
[SourceVersionDate "2017.03.02"]
[SourceQuality "1"]

1. e4 c5 2. Nf3 e6 3. d4 cxd4 4. Nxd4 a6 5. Bd3 Nf6 6. 0-0 d6 7. c4 Nc6 8. Nc2 Ne5 9. Nc3 Qc7 10. Ne3 Nxd3 11. Qxd3 b6 12. Bd2 Bb7 13. Rac1 Be7 14. Rfd1 0-0 15. f3 Rac8 16. Be1 Nh5 17. Bf2 Rfd8 18. Rc2 Nf4 19. Qf1 Qb8 20. Rcd2 Bf6 21. Na4 Bc6 22. Nxb6 Qxb6 23. Nd5 Qxf2+ 24. Qxf2 exd5 25. exd5 Bd7 26. b3 Bf5 27. Kh1 Bc3 28. g3 Bxd2 29. Rxd2 Nd3 30. Qd4 Ne5 31. Kg2 a5 32. h3 h5 33. Re2 Nd3 34. g4 hxg4 35. hxg4 Bh7 36. Kg3 Nc5 37. Re7 Re8 38. Rxe8+ Rxe8 39. Qc3 Ra8 40. a3 f5 41. b4 axb4 42. axb4 Nd3 43. c5 fxg4 44. fxg4 dxc5 45. bxc5 Re8 46. c6 Re3+ 47. Kh4 Ne1 48. Qxe3 Ng2+ 49. Kh3 Nxe3 50. c7 Nxd5 51. c8Q+ Kf7 52. Qc4 Ke6 53. Qc6+ Ke5 54. Qe8+ Kd4 55. Qd7 Be4 56. Qxg7+ Ke3 57. Kg3 1-0

[Event "GEO-chT Club"]
[Site "Lagodekhi"]
[Date "2016.09.25"]
[Round "4.3"]
[White "Kokaia, Guram"]
[Black "Harutyunian, Tigran K"]
[Result "0-1"]
[WhiteElo "2101"]
[BlackElo "2480"]
[PlyCount "70"]
[EventDate "2016.09.22"]
[EventType "team-tourn"]
[EventRounds "7"]
[EventCountry "GEO"]
[SourceTitle "CBM 174 Extra"]
[Source "ChessBase"]
[SourceDate "2016.10.10"]
[SourceVersion "1"]
[SourceVersionDate "2016.10.10"]
[SourceQuality "1"]
[WhiteTeam "Imereti Kutaisi"]
[BlackTeam "Adjara Nona"]
[WhiteTeamCountry "GEO"]
[BlackTeamCountry "GEO"]

1. e4 e5 2. Nf3 Nc6 3. Bb5 Nge7 4. 0-0 g6 5. c3 a6 6. Ba4 Bg7 7. d4 exd4 8. cxd4 b5 9. Bc2 d6 10. h3 0-0 11. Nc3 Na5 12. Bf4 Nc4 13. Qc1 c5 14. Bh6 Nc6 15. Bxg7 Kxg7 16. d5 N6e5 17. Nxe5 dxe5 18. b3 Nd6 19. f4 Qe7 20. f5 f6 21. fxg6 hxg6 22. Qe3 Bd7 23. Rf2 c4 24. Raf1 b4 25. Ne2 Bb5 26. bxc4 Bxc4 27. Bb3 Rac8 28. h4 Bxe2 29. Qxe2 Qa7 30. Qg4 f5 31. Qg3 Nxe4 32. Qxe5+ Kh7 33. Qf4 Rf6 34. g4 fxg4 35. Qxg4 Rxf2 0-1

[Event "EU-ch U14 24th"]
[Site "Batumi"]
[Date "2014.10.24"]
[Round "6"]
[White "Kokaia, Guram"]
[Black "Pozgaj, Hrvoje"]
[Result "1-0"]
[WhiteElo "1899"]
[BlackElo "1990"]
[PlyCount "74"]
[EventDate "2014.10.19"]
[EventType "swiss"]
[EventRounds "9"]
[EventCountry "GEO"]
[SourceTitle "EXT 2015"]
[Source "ChessBase"]
[SourceDate "2014.11.20"]
[SourceVersion "1"]
[SourceVersionDate "2014.11.20"]
[SourceQuality "1"]

1. e4 c5 2. Nf3 d6 3. d4 cxd4 4. Nxd4 Nf6 5. Nc3 a6 6. Bc4 e6 7. Bb3 b5 8. Qf3 Bb7 9. Bg5 Nbd7 10. a3 Qb6 11. 0-0-0 Be7 12. Qh3 Nc5 13. Rhe1 0-0 14. f4 Nxb3+ 15. Nxb3 a5 16. e5 dxe5 17. fxe5 Nd5 18. Bxe7 Nxe7 19. Rd6 Qf2 20. Qg3 Qxg3 21. hxg3 b4 22. axb4 axb4 23. Ne4 Bxe4 24. Rxe4 Nd5 25. Rc4 g5 26. g4 Kg7 27. Rc5 Rh8 28. Rd7 h5 29. Nd4 Ra6 30. gxh5 Rxh5 31. Nxe6+ Rxe6 32. Rdxd5 Rh2 33. g4 Ra6 34. Ra5 Rxa5 35. Rxa5 Rg2 36. e6 f6 37. Ra7+ Kg6 1-0

[Event "EU-ch U14 24th"]
[Site "Batumi"]
[Date "2014.10.20"]
[Round "2"]
[White "Kokaia, Guram"]
[Black "Walter, Szymon"]
[Result "0-1"]
[WhiteElo "1899"]
[BlackElo "2135"]
[PlyCount "67"]
[EventDate "2014.10.19"]
[EventType "swiss"]
[EventRounds "9"]
[EventCountry "GEO"]
[SourceTitle "EXT 2015"]
[Source "ChessBase"]
[SourceDate "2014.11.20"]
[SourceVersion "1"]
[SourceVersionDate "2014.11.20"]
[SourceQuality "1"]

1. e4 c5 2. Nf3 d6 3. d4 cxd4 4. Nxd4 Nf6 5. Nc3 g6 6. Be3 Bg7 7. f3 a6 8. Qd2 Nbd7 9. 0-0-0 b5 10. g4 Bb7 11. g5 Nh5 12. Nd5 e6 13. Nb4 Rc8 14. Nb3 Ne5 15. Qf2 Qe7 16. Na5 0-0 17. Nxb7 Qxb7 18. Bd4 a5 19. Nd3 Qc6 20. Nxe5 dxe5 21. Be3 Nf4 22. h4 Rfd8 23. Rxd8+ Rxd8 24. Bb6 Rc8 25. Bxa5 Bf8 26. Bc3 Bd6 27. a3 b4 28. axb4 Qa4 29. Qb6 Qa1+ 30. Kd2 Bc7 31. Qg1 Rd8+ 32. Bd3 Qa6 33. Qf1 Qa7 34. Bxe5 0-1

[Event "Wch U14"]
[Site "Al Ain"]
[Date "2013.12.27"]
[Round "10"]
[White "Kokaia, Guram"]
[Black "Mohammad, Fahim"]
[Result "1-0"]
[WhiteElo "1812"]
[BlackElo "2059"]
[PlyCount "73"]
[EventDate "2013.12.18"]
[EventType "swiss"]
[EventRounds "11"]
[EventCountry "UAE"]
[SourceTitle "CBM 158 Extra"]
[Source "ChessBase"]
[SourceDate "2014.02.28"]
[SourceVersion "1"]
[SourceVersionDate "2014.02.28"]
[SourceQuality "1"]

1. e4 c5 2. Nf3 e6 3. d4 cxd4 4. Nxd4 Nf6 5. Nc3 Nc6 6. Ndb5 d6 7. Bf4 e5 8. Bg5 a6 9. Na3 b5 10. Bxf6 gxf6 11. Nd5 Bg7 12. Bd3 Ne7 13. Nxe7 Qxe7 14. 0-0 0-0 15. c4 f5 16. Qf3 Qb7 17. exf5 Qxf3 18. gxf3 d5 19. cxd5 e4 20. fxe4 Bxb2 21. Nc2 Bxa1 22. Rxa1 Bb7 23. f3 Rac8 24. Kf2 Kh8 25. Ne3 Rc3 26. Ke2 b4 27. e5 Ra3 28. e6 b3 29. Bc4 Rxa2+ 30. Rxa2 bxa2 31. Bxa2 Kg7 32. e7 Rb8 33. Ng4 f6 34. d6 Bc6 35. Be6 Re8 36. Ne3 a5 37. Nd5 1-0

[Event "Wch U14"]
[Site "Al Ain"]
[Date "2013.12.22"]
[Round "6"]
[White "Kokaia, Guram"]
[Black "Sevgi, Volkan"]
[Result "0-1"]
[WhiteElo "1812"]
[BlackElo "2007"]
[PlyCount "68"]
[EventDate "2013.12.18"]
[EventType "swiss"]
[EventRounds "11"]
[EventCountry "UAE"]
[SourceTitle "CBM 158 Extra"]
[Source "ChessBase"]
[SourceDate "2014.02.28"]
[SourceVersion "1"]
[SourceVersionDate "2014.02.28"]
[SourceQuality "1"]

1. e4 c6 2. d4 d5 3. f3 e6 4. Nc3 Nd7 5. Bf4 Bb4 6. Qd3 Ne7 7. 0-0-0 0-0 8. Nge2 b5 9. h4 Nb6 10. h5 Nc4 11. exd5 exd5 12. g4 Qa5 13. Kb1 Ba6 14. h6 g6 15. b3 Ba3 16. Bd2 Qd8 17. Bc1 Bxc1 18. Kxc1 Nd6 19. Qe3 Re8 20. Qg5 Nec8 21. Qxd8 Rxd8 22. Nf4 Nb6 23. a4 Rac8 24. axb5 Nxb5 25. Nxb5 Bxb5 26. Bxb5 cxb5 27. Rhe1 Kf8 28. g5 Rc6 29. Re5 a5 30. Kb2 a4 31. Rd2 Rcd6 32. Rde2 R6d7 33. R2e3 Rc7 34. Rc3 a3+ 0-1

[Event "Wch U14"]
[Site "Al Ain"]
[Date "2013.12.19"]
[Round "2"]
[White "Maghsoodloo, Parham"]
[Black "Kokaia, Guram"]
[Result "1/2-1/2"]
[WhiteElo "2199"]
[BlackElo "1812"]
[PlyCount "86"]
[EventDate "2013.12.18"]
[EventType "swiss"]
[EventRounds "11"]
[EventCountry "UAE"]
[SourceTitle "CBM 158 Extra"]
[Source "ChessBase"]
[SourceDate "2014.02.28"]
[SourceVersion "1"]
[SourceVersionDate "2014.02.28"]
[SourceQuality "1"]

1. d4 d5 2. Nf3 Nf6 3. Bf4 e6 4. e3 Nbd7 5. Bd3 Be7 6. Nbd2 0-0 7. c3 Nh5 8. Bg3 Nxg3 9. hxg3 f5 10. g4 Nf6 11. Ne5 g6 12. gxf5 exf5 13. Qf3 Bd6 14. Qh3 Qe7 15. f4 Bxe5 16. dxe5 Ne4 17. Bxe4 fxe4 18. g4 h5 19. f5 Qg5 20. 0-0-0 Qxg4 21. Qh2 Qxf5 22. Rdf1 Qg5 23. Rxf8+ Kxf8 24. Rf1+ Bf5 25. e6 Qe7 26. Qe5 Kg8 27. Qxd5 c6 28. Qa5 b6 29. Qa6 Qxe6 30. Nb3 c5 31. Qb7 Rd8 32. Qxa7 Qd6 33. Qa4 Qd3 34. Re1 b5 35. Qa5 h4 36. Qc7 Rd5 37. Qb8+ Rd8 38. Qh2 Rd5 39. Qxh4 b4 40. Qf6 c4 41. Rh1 Qxe3+ 42. Kb1 Qd3+ 43. Kc1 Qe3+ 1/2-1/2

[Event "Wch U14"]
[Site "Al Ain"]
[Date "2013.12.18"]
[Round "1"]
[White "Kokaia, Guram"]
[Black "Cori Quispe, Kevin Joel"]
[Result "1/2-1/2"]
[WhiteElo "1812"]
[BlackElo "2259"]
[PlyCount "113"]
[EventDate "2013.12.18"]
[EventType "swiss"]
[EventRounds "11"]
[EventCountry "UAE"]
[SourceTitle "CBM 158 Extra"]
[Source "ChessBase"]
[SourceDate "2014.02.28"]
[SourceVersion "1"]
[SourceVersionDate "2014.02.28"]
[SourceQuality "1"]

1. e4 c5 2. Nf3 e6 3. d4 cxd4 4. Nxd4 Nc6 5. Nc3 Qc7 6. Be2 a6 7. 0-0 Nf6 8. Be3 Bb4 9. Na4 0-0 10. Nxc6 bxc6 11. Nb6 Rb8 12. Nxc8 Rfxc8 13. Bxa6 Rf8 14. Bd3 Bd6 15. f4 e5 16. Qc1 exf4 17. Bxf4 Rfe8 18. b3 Nxe4 19. Bxd6 Qxd6 20. Qf4 Qxf4 21. Rxf4 Nc5 22. Raf1 f6 23. Bf5 Re7 24. Rc4 Re5 25. b4 Ne6 26. a4 Nf8 27. a5 Reb5 28. c3 Rd5 29. Bc2 Kh8 30. Bb3 Rd2 31. Rf2 Rd3 32. Kf1 Ng6 33. Bc2 Rd5 34. Bxg6 hxg6 35. Ke1 Kg8 36. Re2 Rd3 37. a6 Ra8 38. Ra2 Ra7 39. Ke2 Rd5 40. Re4 Kf7 41. c4 Rh5 42. h3 d5 43. Rd4 dxc4 44. Rxc4 Rb5 45. Rxc6 Rxb4 46. Kd3 g5 47. Kc3 Rb1 48. Kc4 Kg6 49. Kc5 g4 50. hxg4 Kg5 51. Rb6 Rc1+ 52. Kb5 Kxg4 53. Rb7 Rb1+ 54. Kc6 Rbxb7 55. axb7 Rxa2 56. b8Q Rxg2 57. Qb4+ 1/2-1/2